Missing Word: Possessive TV Titles Quiz Stats

Quiz Updated Mar 21, 2016

Challenge
Share
Tweet
Embed
Score 0/16 Timer 04:00
0 Plays Today
TV Show Missing Word % Correct
Grey's _____Anatomy
97.7%
Dawson's ____Creek
97.6%
Charlie's ____ Angels
91.2%
Mister Rogers' ____Neighborhood
87.3%
Win Ben Stein's _____Money
81.2%
Rowan & Martin's ___Laugh-In
75.6%
Archie Bunker's _____Place
71.9%
Veronica's ____Closet
71.5%
TV Show Missing Word % Correct
Brian's ____ Song
60.4%
Bob's ____Burgers
55.6%
Live from Daryl's _____House
55.1%
Ryan's ____Hope
46.1%
Bobby's ____ World
39%
Herman's ____ Head
32.8%
Harry's ____Law
28.7%
Da Vinci's ____ Inquest
11.6%

Today's Daily Dose

Missing Word
Law Misconceptions

Word Ladder
Easy Math

On This Day
January 20th

You're not logged in!

Compare scores with friends on all Sporcle quizzes.
Sign Up with Email
OR
Log In

You Might Also Like...

Show Comments

Extras

Top Quizzes Today


Score Distribution

Your Account Isn't Verified!

In order to create a playlist on Sporcle, you need to verify the email address you used during registration. Go to your Sporcle Settings to finish the process.